Nacha Regules
Saved in:
| Hovedforfatter: | |
|---|---|
| Format: | Bog |
| Sprog: | spansk |
| Udgivet: |
Buenos Aires
Losada
1950
|
| Serier: | Biblioteca Contemporánea
|
| Fag: | |
| Tags: |
Tilføj Tag
Ingen Tags, Vær først til at tagge denne postø!
|
MARC
| LEADER | 00000nam a2200000 a 4500 | ||
|---|---|---|---|
| 001 | UCT6556 | ||
| 003 | CL-VaPUC | ||
| 008 | 970113e19500000AG |||||||||||||||||spa|d | ||
| 082 | 0 | 4 | |a Ar863 |b GAL |2 21 |
| 100 | 0 | |a Gálvez, Manuel |e author |9 330142 | |
| 245 | 1 | 0 | |a Nacha Regules |
| 300 | |a 204 p | ||
| 942 | |c BK | ||
| 945 | |d 19970113 00:00:00 |a nastorga | ||
| 260 | |a Buenos Aires |b Losada |c 1950 | ||
| 650 | 0 | |a Novelas argentinas |9 267871 | |
| 583 | |a last modification |c 19970113 00:00:00 |k Rodrigo Vera | ||
| 490 | 0 | |a Biblioteca Contemporánea | |
| 999 | |c 255245 |d 255243 | ||
| 952 | |0 0 |1 0 |4 0 |6 AR_863_000000000000000_GAL_1950 |7 0 |8 A |9 277421 |a BIBEDU |b BIBEDU |d 2019-11-19 |i 3266141 |o Ar863 GAL 1950 |p 3266141 |r 2019-11-19 |w 2019-11-19 |y BK |k LIT | ||